| 000 | 00860nas a2200277 4500 | ||
|---|---|---|---|
| 001 | BR8204670 | ||
| 003 | BR-BrBNA | ||
| 005 | 20231205085223.0 | ||
| 007 | ta | ||
| 008 | 230509b bl.|||p| |||| 00| 00por d | ||
| 040 |
_aBR-BrBNA _bpor _cBiblioteca Nacional de Agricultura |
||
| 041 | _a(Pt) | ||
| 072 | _aL30 | ||
| 100 | 1 | _aBenintendi, R.P. | |
| 100 | 1 | _aAndrade, P. de | |
| 245 | 1 | _aSuplementacao com alimentos volumosos e concentrados, durante a seca, a novilhas zebus mantidas no pasto | |
| 650 | _aSUPLEMENTO ALIMENTAR | ||
| 650 | _aVOLUMOSOS | ||
| 650 | _aSUPLEMENTO CONCENTRADO | ||
| 650 | _aCAPIM COLONIAO | ||
| 650 | _aNOVILHO | ||
| 650 | _aGADO ZEBU | ||
| 773 | 0 |
_tBoletim de Industria Animal (Brazil) _xISSN 0067-9617 _g(Jan-Jun 1982), v. 39(1) p. 11-28 _wBR8204670 |
|
| 909 |
_a202311 _bLúcia _c55 _dLúcia Elande |
||
| 942 |
_2AGRIS _n0 _cANA |
||
| 999 |
_c110068 _d110068 |
||